Welcome to the Holygrace Academy Library

Please use search bar below to get started

GET THE FACTS INDIA (Record no. 6583)

MARC details
000 -LEADER
fixed length control field 00244nam a22001217a 4500
020 ## - INTERNATIONAL STANDARD BOOK NUMBER
ISBN 978-81-8477-589-1
082 ## - DEWEY DECIMAL CLASSIFICATION NUMBER
Classification number 001
Item number TON/G
245 ## - TITLE STATEMENT
Title GET THE FACTS INDIA
260 ## - PUBLICATION, DISTRIBUTION, ETC. (IMPRINT)
Place of publication NEW YORK
Name of publisher SCHOLASTIC
300 ## - PHYSICAL DESCRIPTION
Number of Pages 80
650 ## - SUBJECT ADDED ENTRY--TOPICAL TERM
Topical Term GK
942 ## - ADDED ENTRY ELEMENTS (KOHA)
Koha item type Books
Holdings
Withdrawn status Lost status Collection code Home library Current library Shelving location Date acquired Source of acquisition Cost, normal purchase price Full call number Accession Number Koha item type
    G.K Main Library Main Library SHELF-17D-SCIENCE PROJECT BOOKS,INDIA RELATED& OTHER BOOKS 07/10/2015 PURCHASE 125.00 001 TON/G 09691 Books